000 03302nam a2200349 a 4500
001 000046833
003 DO-SdBNP
005 20240305082246.0
007 ta
008 180402s2015 dr r 000 0 spa d
020 _z9789945443622
020 _z9789945582246
040 _aDO-SdBNP
_bspa
_cBNPHU
_erda
082 4 _bP438e
_222
100 1 _aPérez Memén, Fernando,
_d1943-
_eautor
_938744
245 1 0 _aEnsayos sobre historia social, política y cultural de la República Dominicana y de México /
_cFernando Pérez Memén ; edición, José Alcántara Almánzar, Elvis Francis Soto
264 _aSanto Domingo :
_bBanco Central de la República Dominicana,
_c2015.
300 _a398 páginas ;
_c23 cm.
336 _2rdacontent
_atexto
_btxt
337 _2rdamedia
_asin mediación
_bn
338 _2rdacarrier
_avolumen
_bnc
490 _aBanco Central de la República Dominicana
_v213
490 _aCiencias sociales
_v36
500 _aIncluye referencias bibliográficas y notas al pie de las páginas e índice onomástico
500 _aIncluye datos biográficos del autor en las solapas
505 0 _a1. Conquista y colonización. Iglesia, sociedad y política -- El indio y el negro en la visión de la Iglesia y el Estado -- El sermón de Montesinos en México -- La Santa Sede y Santo Domingo en el siglo XVI -- La política religiosa de Toussaint L'Overtoure en Santo Domingo -- La idea de la soberanía durante la España Boba -- II. Independencia y Restauración. Ideas políticas y sociales -- La Santa Sede ¿Primer Estado en reconocer la independencia dominicana? -- El proyecto de constitución de Duarte -- Pensamiento político y social de Hidalgo y de Duarte -- Sentido y valor de la Guerra de la Restauración -- Juárez, Duarte y Luperón y el liberalismo democrático -- III. Instituciones políticas y cultura -- Pedro Henríquez Ureña y la Revolución Mexicana -- La Rebelión de los Cristeros -- La influencia de Hostos en la educación dominicana -- Las relaciones entre las Iglesias y el Estado de la República Dominicana (1924-1966) -- Las hermanas Mirabal y el final de la Era de Trujillo -- El magisterio democrático de Juan Bosch -- Juan Bosch, dominicano universal -- Joaquín Balaguer: Orador parlamentario y académico -- IV. Examen de libros -- Vivas en su jardín, de Doña Dedé Mirabal -- La ciudad de La Vega en el meridiano histórico de la universalidad, de Josef Pérez Stefan -- De lo privado a lo público, del ingeniero Carlos Morales Troncoso -- Un momento I, de Monseñor Ramón Benito de la Rosa y Carpio -- República Dominicana. Identidad y herencias etnoculturales indígenas, de Jesús María Serna Moreno -- El incidente del trasatlántico Cuba. Una historia del exilio republicano español en la sociedad dominicana, 1938-1944, de Juan B. Alfonseca Giner de los Ríos -- Las relaciones del Estado Dominicano con la Santa Sede y la Iglesia Católica, de José Altagracia Hazim Azar -- Los carpinteros, de Joaquín Balaguer -- Las bases de la nación fuentes de virtudes ciudadanas, de Ito Bisonó -- José Núñez de Cáceres, un vínculo
590 _aInventariado, 2018 /LP
700 1 _aAlcántara Almánzar, José,
_eedición
700 1 _aSoto, Elvis Francis,
_eedición
_939156
910 _aBtavárez
942 _2ddc
_cLBS1
999 _c46322
_d46322